The bleeding limbs of the sikhs : (Record no. 37701)
[ view plain ]
| 000 -LEADER | |
|---|---|
| fixed length control field | 00720nam a22002057a 4500 |
| 005 - DATE AND TIME OF LATEST TRANSACTION | |
| control field | 20100726130117.0 |
| 010 ## - LCCN (DPL NO) | |
| LC control number | ENG-97100 |
| 020 ## - INTERNATIONAL STANDARD BOOK NUMBER | |
| Terms of availability | 600.00 |
| 035 ## - SYSTEM CONTROL NUMBER | |
| System control number | EN-80633 |
| 037 ## - SOURCE OF ACQUISITION | |
| Source of stock number/acquisition | DBAD/PUB |
| 082 ## - DEWEY DECIMAL CLASSIFICATION NUMBER | |
| Classification number | 954.052 |
| 100 ## - MAIN ENTRY--PERSONAL NAME | |
| Personal name | Gill, Avtar Singh |
| 245 ## - TITLE STATEMENT | |
| Title | The bleeding limbs of the sikhs : |
| Statement of responsibility, etc | by Avtar Singh Gill |
| Remainder of title | stark reality revealed / |
| 260 ## - PUBLICATION, DISTRIBUTION, ETC. (IMPRINT) | |
| Place of publication, distribution, etc | Punjab |
| Name of publisher, distributor, etc | Jaswant Publisher |
| Date of publication, distribution, etc | 2009 |
| 270 ## - ADDRESS | |
| Address | 41/-100-j,Bhai Ranbir singh Nagar |
| City | Punjab |
| 300 ## - PHYSICAL DESCRIPTION | |
| Extent | 414p. |
| Dimensions | 23cm (Hb) |
| 700 ## - ADDED ENTRY--PERSONAL NAME | |
| 9 (RLIN) | 1414 |
| 942 ## - ADDED ENTRY ELEMENTS (KOHA) | |
| Source of classification or shelving scheme | Dewey Decimal Classification |
| Item type | English Books |
| Classification part | 954.052 |
| Call number suffix | GIL |
| Withdrawn status | Lost status | Not for loan | Collection code | Home library | Current library | Date acquired | Source of acquisition | Cost, normal purchase price | Full call number | Barcode | Copy number | Cost, replacement price | Koha item type |
|---|---|---|---|---|---|---|---|---|---|---|---|---|---|
| Not For Loan | Non-fiction | D.B.Act.Division | D.B.Act.Division | 26/07/2010 | DBAD/PUB | 600.00 | 954.052 GIL | EN-80633 | 1 | 600.00 | English Books |
